| 000 | 00360nam a22001457a 4500 | ||
|---|---|---|---|
| 020 | _a- | ||
| 082 | _a297.22 TAH | ||
| 100 | _aTahir, Muhammad Maulana | ||
| 245 | _aJadoo ki haqeeqat aut os ka Qurani Elaj (Urdu) | ||
| 260 |
_aLahore _bAnjuman Khudam-ul-Islam _c1998 |
||
| 300 | _a368 p. | ||
| 500 | _aIncludes index | ||
| 650 | _aQuran aur Jadoo | ||
| 942 | _cBK | ||
| 999 |
_c13419 _d13419 |
||